[Event "Pardubice KB op"]
[Site "Pardubice"]
[Date "1996.??.??"]
[Round "7"]
[White "Bozic, Marjan"]
[Black "Seder, Nicolae"]
[Result "1/2-1/2"]
[WhiteElo "2070"]
[BlackElo "2245"]
[PlyCount "174"]
[EventDate "1996.07.??"]
[EventType "swiss"]
[EventRounds "9"]
[EventCountry "CZE"]
[SourceTitle "CBM 055 Extra"]
[Source "ChessBase"]
[SourceDate "1997.01.01"]
[SourceVersion "1"]
[SourceVersionDate "1997.01.01"]
[SourceQuality "1"]

1. d4 Nf6 2. c4 e6 3. Nc3 c5 4. d5 d6 5. e4 e5 6. Nf3 Be7 7. Be2 Nbd7 8. 0-0 Nf8 9. a3 Ng6 10. b4 b6 11. Ne1 0-0 12. Nd3 Ne8 13. Bg4 Ba6 14. b5 Bb7 15. a4 Bg5 16. a5 Bxc1 17. Qxc1 Nf6 18. Bf5 Ne7 19. Bh3 Bc8 20. Bxc8 Qxc8 21. axb6 axb6 22. Rxa8 Qxa8 23. Qb2 Nd7 24. Ra1 Qb8 25. Ra6 Nc8 26. Qe2 Qc7 27. h3 Qd8 28. Qg4 g6 29. f3 h5 30. Qg3 Qf6 31. h4 Kh7 32. Qg5 Kg7 33. Kf2 Qxg5 34. hxg5 f6 35. gxf6+ Kxf6 36. Ke3 Ke7 37. g3 Kd8 38. f4 Kc7 39. fxe5 dxe5 40. Ra1 Kb7 41. Nb2 Nd6 42. Rh1 Rf7 43. Ke2 Kc7 44. Ra1 Kd8 45. Ra8+ Ke7 46. Ra7 Rf8 47. Ke3 g5 48. Nba4 Rb8 49. Nb2 Kd8 50. Ncd1 Nc8 51. Ra1 Kc7 52. Nf2 Nd6 53. Ra7+ Rb7 54. Ra8 Nb8 55. Nfd3 Nf7 56. Ra1 Nd7 57. Rf1 Nh6 58. Ke2 Rb8 59. Rh1 h4 60. gxh4 g4 61. Ra1 Rf8 62. Nd1 Kd6 63. Ne3 Rf7 64. Ra8 g3 65. Rc8 Ng4 66. Rc6+ Ke7 67. Rg6 Nxe3 68. Kxe3 Rh7 69. Rxg3 Rxh4 70. Rg7+ Kd6 71. Rg6+ Kc7 72. d6+ Kc8 73. Rg8+ Kb7 74. Rg5 Rh3+ 75. Ke2 Rh2+ 76. Kf1 Rh6 77. Nxe5 Nxe5 78. Rxe5 Rxd6 79. Rd5 Rh6 80. Ke2 Rh3 81. e5 Kc7 82. e6 Rh7 83. Kf3 Re7 84. Rd7+ Rxd7 85. exd7 Kxd7 86. Kf4 Kd6 87. Kf5 Kd7 1/2-1/2

[Event "Pardubice KB op"]
[Site "Pardubice"]
[Date "1996.??.??"]
[Round "1"]
[White "Chernyshov, Konstantin"]
[Black "Seder, Nicolae"]
[Result "1-0"]
[WhiteElo "2470"]
[BlackElo "2245"]
[PlyCount "53"]
[EventDate "1996.07.??"]
[EventType "swiss"]
[EventRounds "9"]
[EventCountry "CZE"]
[SourceTitle "CBM 055 Extra"]
[Source "ChessBase"]
[SourceDate "1997.01.01"]
[SourceVersion "1"]
[SourceVersionDate "1997.01.01"]
[SourceQuality "1"]

1. e4 c5 2. Nf3 a6 3. c4 d6 4. Nc3 e5 5. Bd3 g6 6. Bc2 Bh6 7. Ba4+ Nc6 8. 0-0 Nge7 9. d3 Bxc1 10. Qxc1 0-0 11. Qh6 f6 12. Bxc6 bxc6 13. Nd2 Rf7 14. f4 Qf8 15. Qh4 Kg7 16. fxe5 fxe5 17. Rxf7+ Qxf7 18. Rf1 Qe6 19. Nd5 cxd5 20. cxd5 Nxd5 21. exd5 Qxd5 22. Qe7+ Kh6 23. Rf7 Kh5 24. Rxh7+ Kg4 25. Qh4+ Kf5 26. Qf2+ Kg4 27. Ne4 1-0

[Event "Pardubice KB op"]
[Site "Pardubice"]
[Date "1996.??.??"]
[Round "9"]
[White "Dziadykiewcz, Tadeusz"]
[Black "Seder, Nicolae"]
[Result "0-1"]
[WhiteElo "2060"]
[BlackElo "2245"]
[PlyCount "100"]
[EventDate "1996.07.??"]
[EventType "swiss"]
[EventRounds "9"]
[EventCountry "CZE"]
[SourceTitle "CBM 055 Extra"]
[Source "ChessBase"]
[SourceDate "1997.01.01"]
[SourceVersion "1"]
[SourceVersionDate "1997.01.01"]
[SourceQuality "1"]

1. Nf3 Nf6 2. b3 d5 3. Bb2 g6 4. c4 c6 5. g3 Bg7 6. Bg2 0-0 7. 0-0 Bg4 8. d3 Qc8 9. Re1 Na6 10. Nbd2 h6 11. Rc1 Rd8 12. Qc2 Bh3 13. Bh1 Qf5 14. Qb1 Rac8 15. Qa1 Qh5 16. Nf1 Bxf1 17. Rxf1 dxc4 18. bxc4 Ne8 19. Bxg7 Nxg7 20. Qe5 Qxe5 21. Nxe5 g5 22. Rb1 Rc7 23. Rb3 f6 24. Ng4 h5 25. Ne3 Nc5 26. Ra3 b6 27. Rd1 e5 28. Nc2 Nce6 29. e3 c5 30. Bd5 Kh7 31. Rb3 Rd6 32. a4 Nd8 33. Na3 Re7 34. Nb5 Rdd7 35. Ra1 Nb7 36. Bxb7 Rxb7 37. Nc3 Kg6 38. Rab1 Rbd7 39. Nd5 Re6 40. e4 Red6 41. a5 bxa5 42. Ra3 Ne6 43. Rxa5 f5 44. Rba1 fxe4 45. dxe4 g4 46. Rxa7 Rxa7 47. Rxa7 Ng5 48. Re7 Ra6 49. Kg2 Ra1 50. Ne3 Nh3 0-1

[Event "Pardubice KB op"]
[Site "Pardubice"]
[Date "1996.??.??"]
[Round "2"]
[White "Seder, Nicolae"]
[Black "Hala, Martin"]
[Result "1-0"]
[WhiteElo "2245"]
[BlackElo "2110"]
[PlyCount "67"]
[EventDate "1996.07.??"]
[EventType "swiss"]
[EventRounds "9"]
[EventCountry "CZE"]
[SourceTitle "CBM 055 Extra"]
[Source "ChessBase"]
[SourceDate "1997.01.01"]
[SourceVersion "1"]
[SourceVersionDate "1997.01.01"]
[SourceQuality "1"]

1. e4 e5 2. Nf3 Nc6 3. Bb5 f5 4. Nc3 fxe4 5. Nxe4 d5 6. Nxe5 dxe4 7. Nxc6 Qg5 8. Qe2 Nf6 9. f4 Qh4+ 10. g3 Qh3 11. Nxa7+ Bd7 12. Bxd7+ Qxd7 13. Nb5 0-0-0 14. a3 c6 15. Nc3 Bc5 16. Nd1 h5 17. Ne3 h4 18. g4 Nd5 19. Rf1 h3 20. c4 Nxe3 21. dxe3 Qe6 22. b4 Be7 23. g5 Rd3 24. Bb2 Qxc4 25. Rd1 Rhd8 26. Rxd3 Rxd3 27. Kf2 Qd5 28. Qg4+ Kc7 29. Re1 c5 30. Be5+ Kb6 31. Qc8 Rd2+ 32. Kg3 cxb4 33. Qc7+ Kb5 34. Qxe7 1-0

[Event "ROM-chT"]
[Site "Herculane"]
[Date "1996.??.??"]
[Round "?"]
[White "Ungur, Ovidiu"]
[Black "Seder, Nicolae"]
[Result "1/2-1/2"]
[WhiteElo "2315"]
[BlackElo "2245"]
[PlyCount "59"]
[EventDate "1996.??.??"]
[EventType "team"]
[EventRounds "5"]
[EventCountry "ROU"]
[SourceTitle "CBM 056 Extra"]
[Source "ChessBase"]
[SourceDate "1997.03.01"]
[SourceVersion "1"]
[SourceVersionDate "1997.03.01"]
[SourceQuality "1"]

1. e4 c5 2. Nc3 Nc6 3. g3 g6 4. Bg2 Bg7 5. d3 d6 6. f4 e5 7. Nge2 Nge7 8. 0-0 Nd4 9. Nxd4 exd4 10. Nd5 Nxd5 11. exd5 0-0 12. Bd2 h5 13. h3 Re8 14. Qf3 f5 15. Rae1 Bd7 16. Rxe8+ Qxe8 17. Re1 Qf8 18. Qe2 Re8 19. Qf2 Bf6 20. Rxe8 Qxe8 21. Bf3 Qd8 22. Qe2 a5 23. Kg2 a4 24. b3 b5 25. g4 hxg4 26. hxg4 Qf8 27. gxf5 gxf5 28. Kf1 Qh6 29. Qg2+ Kf8 30. Qh1 1/2-1/2

[Event "Drobeta"]
[Site "Drobeta"]
[Date "1993.??.??"]
[Round "?"]
[White "Seder, Nicolae"]
[Black "Ionescu, Mihai"]
[Result "0-1"]
[WhiteElo "2235"]
[BlackElo "2285"]
[PlyCount "100"]
[EventDate "1993.??.??"]
[EventType "tourn"]
[EventRounds "11"]
[EventCountry "ROU"]
[EventCategory "4"]
[SourceTitle "EXT 1997"]
[Source "ChessBase"]
[SourceDate "1996.11.15"]
[SourceVersion "1"]
[SourceVersionDate "1996.11.15"]
[SourceQuality "1"]

1. e4 c6 2. Nf3 d5 3. exd5 cxd5 4. Bb5+ Bd7 5. Qe2 e6 6. b3 Nf6 7. Bb2 Bd6 8. Bxd7+ Nbxd7 9. 0-0 0-0 10. Nd4 Re8 11. d3 Rc8 12. c4 g6 13. Nb5 Bb8 14. f4 Nh5 15. g3 e5 16. f5 Qb6+ 17. Kg2 Qc6 18. Qf3 dxc4 19. dxc4 gxf5 20. N1c3 Qxf3+ 21. Rxf3 a6 22. Na3 f4 23. Rd1 Nc5 24. gxf4 e4 25. Rg3+ Nxg3 26. hxg3 Nd3 27. Ba1 Nb4 28. Nd5 Nxd5 29. cxd5 b5 30. Rd2 Bd6 31. Nc2 e3 32. Re2 Rxc2 33. Rxc2 e2 34. Bc3 e1Q 35. Bxe1 Rxe1 36. Rc6 Bf8 37. Rxa6 Rd1 38. Kf3 Rxd5 39. Ke4 Rd2 40. a3 Ra2 41. Ra5 b4 42. axb4 Rb2 43. Rg5+ Bg7 44. g4 Rxb3 45. b5 Rb4+ 46. Kf3 h6 47. Rd5 Bf8 48. g5 hxg5 49. Rxg5+ Kh7 50. Re5 Bd6 0-1

[Event "Drobeta"]
[Site "Drobeta"]
[Date "1993.??.??"]
[Round "?"]
[White "Vidonyak, Nellya"]
[Black "Seder, Nicolae"]
[Result "0-1"]
[WhiteElo "2285"]
[BlackElo "2235"]
[PlyCount "73"]
[EventDate "1993.??.??"]
[EventType "tourn"]
[EventRounds "11"]
[EventCountry "ROU"]
[EventCategory "4"]
[SourceTitle "EXT 1997"]
[Source "ChessBase"]
[SourceDate "1996.11.15"]
[SourceVersion "1"]
[SourceVersionDate "1996.11.15"]
[SourceQuality "1"]

1. Nf3 b5 2. d4 Nf6 3. Bf4 e6 4. e3 a6 5. Bd3 Bb7 6. Nbd2 c5 7. dxc5 Bxc5 8. 0-0 d5 9. Qe2 Nbd7 10. e4 dxe4 11. Nxe4 Nxe4 12. Bxe4 Qb6 13. Ng5 Nf6 14. Bxb7 Qxb7 15. Be5 Be7 16. Rad1 0-0 17. Rd3 h6 18. Rh3 Nd7 19. Nf3 Bf6 20. Bf4 e5 21. Bc1 e4 22. Nh4 Bxh4 23. Rxh4 f5 24. Qh5 Rf6 25. Rd1 Ne5 26. Rh3 Rc8 27. Rg3 Kh7 28. Bd2 Rxc2 29. Bc3 Qe7 30. Re1 Qc5 31. Rge3 f4 32. b4 fxe3 33. bxc5 exf2+ 34. Kf1 fxe1Q+ 35. Kxe1 Nd3+ 36. Kd1 Rxc3 37. Qd5 0-1

[Event "ROM-chT"]
[Site "Romania"]
[Date "1992.??.??"]
[Round "?"]
[White "Seder, Nicolae"]
[Black "Biriescu, Ioan"]
[Result "0-1"]
[WhiteElo "2335"]
[BlackElo "2355"]
[PlyCount "72"]
[EventDate "1992.??.??"]
[EventType "team"]
[EventRounds "9"]
[EventCountry "ROU"]
[SourceTitle "EXT 1997"]
[Source "ChessBase"]
[SourceDate "1996.11.15"]
[SourceVersion "1"]
[SourceVersionDate "1996.11.15"]
[SourceQuality "1"]

1. e4 c5 2. Nf3 g6 3. c3 d5 4. exd5 Qxd5 5. d4 Bg7 6. dxc5 Qxc5 7. Be3 Qa5 8. Qb3 Nf6 9. Bb5+ Nbd7 10. Ne5 0-0 11. Nxd7 Bxd7 12. Na3 Be6 13. Qa4 Qc7 14. Qf4 Qxf4 15. Bxf4 Nd5 16. Bd2 Rfd8 17. Be2 Nb6 18. Bf3 Na4 19. 0-0-0 Bd5 20. Bxd5 Rxd5 21. Be3 Rad8 22. Bxa7 Bh6+ 23. Be3 Bxe3+ 24. fxe3 Rxd1+ 25. Rxd1 Rxd1+ 26. Kxd1 Nxb2+ 27. Kc2 Na4 28. Kb3 Nb6 29. Nc4 Nd7 30. Kb4 f5 31. Na5 b6 32. Nc4 Kf7 33. Kb5 e5 34. Nxb6 Nxb6 35. Kxb6 e4 36. Kc5 f4 0-1